Business statistics : (Record no. 65618)

MARC details
000 -LEADER
fixed length control field 00626nam a22001697a 4500
005 - DATE AND TIME OF LATEST TRANSACTION
control field 20120425124414.0
020 ## - INTERNATIONAL STANDARD BOOK NUMBER
International Standard Book Number 0070620482
Terms of availability 00.00
035 ## - SYSTEM CONTROL NUMBER
System control number B-225294
037 ## - SOURCE OF ACQUISITION
Stock number DPL
Source of stock number/acquisition ENG
100 ## - MAIN ENTRY--PERSONAL NAME
Personal name Jain, D.R.
245 ## - TITLE STATEMENT
Title Business statistics :
Remainder of title Statistics methods /
Statement of responsibility, etc by D.R. Jain and Bharat Jhunjhunwala
260 ## - PUBLICATION, DISTRIBUTION, ETC. (IMPRINT)
Place of publication, distribution, etc New Delhi
Name of publisher, distributor, etc Tata McGraw-Hill Publishing
Date of publication, distribution, etc 2007
300 ## - PHYSICAL DESCRIPTION
Extent various pages
Dimensions 26 cms.
700 ## - ADDED ENTRY--PERSONAL NAME
Personal name Jhunjhunwala, Bharat
9 (RLIN) 45734
942 ## - ADDED ENTRY ELEMENTS (KOHA)
Source of classification or shelving scheme Dewey Decimal Classification
Item type English Books
Classification part 310
Call number suffix JAI
Holdings
Withdrawn status Lost status Not for loan Collection code Home library Current library Date acquired Cost, normal purchase price Full call number Barcode Cost, replacement price Koha item type Public note
      Non-fiction Sarojini Nagar Sarojini Nagar 25/04/2012 0.00 310 JAI B-225294 0.00 English Books Withdrawn List Prepared L.No.06/15

© Delhi Public Library
Hit Counter
free hit counter